Marine equipment buyers guide 2008.
| Format: | Book |
|---|---|
| Published: |
London:
Lloyd's MIU,
2007.
|
| Subjects: |
| LEADER | 00546cam a2200157 7i4500 | ||
|---|---|---|---|
| 001 | 0000022610 | ||
| 005 | 20090422090000.0 | ||
| 090 | 0 | 0 | |a I 623.820028025 |b MAR |
| 245 | 0 | 0 | |a Marine equipment buyers guide 2008. |
| 260 | 0 | 0 | |a London: |b Lloyd's MIU, |c 2007. |
| 300 | # | # | |a 745 p. |
| 650 | 0 | 0 | |a Ships -- |x Equipment and supplies -- |x Directories |
| 650 | 0 | 0 | |a Marine machinery -- |x Directories |
| 650 | 0 | 0 | |a Shipbuilding industry -- |x Directories |
| 650 | 0 | 0 | |a Ship chandlers -- |x Directories |
| 999 | |a B000023774 |b Directories |c International |e Business Information Centre | ||